| 000 | 00371 a2200169 4500 | ||
|---|---|---|---|
| 001 | 50345 | ||
| 020 | _a850806926X | ||
| 040 | _cAnchieta - Bela Vista | ||
| 100 | _aOrthof, Sylvia | ||
| 240 | 1 | 0 |
_aAs visitas de dona Zefa _lpor |
| 245 | 1 | 0 | _aAs visitas de dona Zefa |
| 300 | _a39 | ||
| 362 | 0 | _a1998 | |
| 440 | 1 | _aÁtica | |
| 650 | 4 | _aLiteratura juvenil | |
| 942 | _cBK | ||
| 999 |
_c50345 _d50345 |
||